000 00975cam a2200229 a 4500
001 000015646
005 20200929164114.0
008 830809s1946 sp 000 0 spa
040 _aDO-SdBNP
_bspa
_cLC
_dBNPHU
082 _a230.09
_bG728h
100 1 _aGrabmann, Martín,
_d1875-1949.
_935252
240 1 0 _aDie geschichte der katholischen theologie.
_lEspañol.
245 1 0 _aHistoria de la teología católica :
_bdesde fines de la era patristica hasta nuestros días, basada en el contenido de M. J. Scheeben /
_cMartín Grabmann ; versión española P. David Gutiérrez.
260 _aMadrid :
_bEspasa Calpe,
_c1946.
300 _a[vii]-xviii 464 p. ;
_c23 cm.
650 4 _aTeologia dogmática
_xHistoria
_935253
610 2 0 _aIGLESIA CATÓLICA
_xOBRAS POLÉMICAS
_935254
700 1 _aScheeben, Matthias Joseph,
_d1835-1888.
_tHandbuch der katholischen dogmatik.
_935255
700 1 _aGutierrez, David,
_etr.
_935256
910 _aCatalogación derivada
049 _aBNGR
999 _c15198
_d15198